00301nam a22001337a 4500003000400000005001700004007001000021008004100031020001800072040000600090082001700096245003700113260001700150OSt20250301102334.0668 pages250301b |||||||| |||| 00| 0 eng d a9789356295698 c  a338.092bMAT aRatan Tata A LifecMathew,Thomas bHarperc2024